000 01068nam a2200217Ia 4500
999 _c44718
_d44718
001 11523
003 GE_BSU
005 20241209133608.0
008 181216s1953||||ge |||||||||||||| ||geo||
040 _cGE_BSU
041 _ageo
080 _a631.8(035)ს–30
245 _aსასუქების ცნობარი აგრონომებისათვის /
_cგ.ყ.ურუშაძის, ი.ფ.სარიშვილის, შ.თ.ჭანიშვილის და ი.ა.ნაკაიძის რედაქციით.
264 _aთბილისი :
_bსახელგამი,
_c1953.
300 _a555 გვ;
_b24 სმ.
_cცხრილები.
504 _aბიბლიოგრ. ტექსტში.
653 _aსასუქების ცნობარი აგრონომებისათვის.
653 _aსოფლის მეურნეობა
700 _aურუშაძე, ი.ფ
_e და სხვ. რედაქციით
_923913
942 _cBK
_2udc